| 000 | 00773nam a22001817a 4500 | ||
|---|---|---|---|
| 999 |
_c62557 _d62557 |
||
| 005 | 20241206110918.0 | ||
| 008 | 241206s2019 ru ||||| |||| 00| 0 rus d | ||
| 020 | _a9785001177494x | ||
| 041 | _arus | ||
| 080 | _a1(09) : 304.12 Ф-43 | ||
| 100 |
_aФернер, Адам _923885 |
||
| 245 |
_aПринятие решений : _bОсвободись от стереотипов и управляй своей жизнью / _cАдам Фернер; Перевод Е. Куприяновой. |
||
| 264 |
_aМосква : _bМанн,Иванов и Фербер, _c2019. |
||
| 300 |
_a157 стр.: _bилл.; _c21 см. |
||
| 653 | _aფილოსოფია | ||
| 700 |
_aКуприянова, Е. _eმთარგმნელი _923886 |
||
| 942 |
_2udc _cᲬᲘᲒᲜᲘ |
||